000 00896nam a22002777a 4500
003 dpl
005 20180702110718.0
008 180529b xxu||||| |||| 00| 0 eng d
010 _aA-943643
020 _c100.00
_a8126005904
035 _aA-943643, A-943647, A-943644
037 _bCen Lib/Ret
040 _aDPL
_bEN
_c0
082 _a881
_bSAC
245 _aSacred heresy :
_cedited by Dilip Chitre; translated by G.V. Karandikar
_bselected peoms of Vinda Karandikar /
260 _aNew Delhi
_bSahitya academy
_c1998
270 _bNew Delhi
_a35, Firozshah road
_e110001
300 _a150p.
_c21cm(Hb)
490 _aMacmillan critical readers
500 _aIncludes bibliographical references
650 _a literature
_96262
650 _aPoetry
_923595
700 _aChitre, Dilip
_923583
700 _aKarandikar, G.V.
_923596
942 _2ddc
_cEN
_h881
_mSAC
999 _c128498
_d128498